<The> Nash Field

Saved in:
Bibliographic Details
Main Author: Ritzberger, Klaus
Other Authors: Vogelsberger, Karl
Format: Book
Language:German
Published: Wien Institut für Höhere Studien 1990
Edition:1. Aufl.
Series:Forschungsbericht/Research Memorandum No.263
Tags: Add Tag
No Tags, Be the first to tag this record!

MARC

LEADER 00000nam a2200000 4500
001 c034193
005 20250512100755.3
041 0 |a ger 
044 |a AT 
245 1 0 |a <The> Nash Field  |c Klaus Ritzberger, Karl Vogelsberger 
250 |a 1. Aufl. 
264 1 |a Wien  |b Institut für Höhere Studien  |c 1990 
300 |a 42 s. 
490 1 |a Forschungsbericht/Research Memorandum  |v No.263 
830 0 |a Forschungsbericht/Research Memorandum  |v No.263 
100 1 |a Ritzberger, Klaus 
700 1 |a Vogelsberger, Karl